En solidaridad con la vida : (Registro nro. 25896)
[ vista simple ]
| 000 -CABECERA | |
|---|---|
| campo de control de longitud fija | 01052nam a2200217 a 4500 |
| 001 - NÚMERO DE CONTROL | |
| campo de control | 000026404 |
| 005 - FECHA Y HORA DE LA ÚLTIMA TRANSACCIÓN | |
| campo de control | 20200930030214.0 |
| 008 - DATOS DE LONGITUD FIJA--INFORMACIÓN GENERAL | |
| campo de control de longitud fija | 110316s1992 mx ac r 000 0 spa d |
| 040 ## - FUENTE DE LA CATALOGACIÓN | |
| Centro catalogador/agencia de origen | DO-SdBNP |
| Lengua de catalogación | spa |
| Centro/agencia transcriptor | BNPHU |
| 082 ## - NÚMERO DE LA CLASIFICACIÓN DECIMAL DEWEY | |
| Número de clasificación | xxx |
| Número de documento/Ítem | V715s |
| 049 ## - FONDOS LOCALES (OCLC) | |
| Fondos de biblioteca | BNGR |
| 100 1# - ENTRADA PRINCIPAL--NOMBRE DE PERSONA | |
| Nombre de persona | Villamán Pérez, Marcos |
| 9 (RLIN) | 53447 |
| 245 10 - MENCIÓN DE TÍTULO | |
| Título | En solidaridad con la vida : |
| Resto del título | diez años de impulso solidario del Secretariado Internacional Cristiano de Solidaridad con América Latina "Óscar A. Romero" / |
| Mención de responsabilidad, etc. | Marcos Villamán Pérez ; edición a cargo de Leticia Rentería Chávez ; prefacio Samuel Ruiz García. |
| 260 ## - PUBLICACIÓN, DISTRIBUCIÓN, ETC. | |
| Lugar de publicación, distribución, etc. | México, D. F. : |
| Nombre del editor, distribuidor, etc. | Secretariado Internacional Cristiano de Solidaridad con América Latina, |
| Fecha de publicación, distribución, etc. | 1992. |
| 300 ## - DESCRIPCIÓN FÍSICA | |
| Extensión | 183, [8] p. : |
| Otras características físicas | il., retrs. ; |
| Dimensiones | 21 cm. |
| 500 ## - NOTA GENERAL | |
| Nota general | Incluye datos del autor en la solapa |
| 500 ## - NOTA GENERAL | |
| Nota general | Incluye referencias bibliográficas y notas al pie de las páginas |
| 586 ## - NOTA DE PREMIOS | |
| Nota de premios | La biblioteca posee un ejemplar autobiográfiado por el autor |
| 700 1# - PUNTO DE ACCESO ADICIONAL--NOMBRE DE PERSONA | |
| Nombre de persona | Rentería Chávez, Leticia |
| Término indicativo de función/relación | ed. |
| 9 (RLIN) | 53448 |
| 700 1# - PUNTO DE ACCESO ADICIONAL--NOMBRE DE PERSONA | |
| Nombre de persona | Ruiz García, Samuel |
| 9 (RLIN) | 53449 |
| Estado de retiro | Estado de pérdida | Restricciones de uso | No para préstamo | Código de colección | Localización permanente | Ubicación/localización actual | Ubicación en estantería | Fecha de adquisición | Número de inventario | Total de préstamos | Signatura topográfica completa | Código de barras | Fecha visto por última vez | Precio válido a partir de | Tipo de ítem Koha |
|---|---|---|---|---|---|---|---|---|---|---|---|---|---|---|---|
| Monografías: Libros y Folletos | General | General | En catalogación | 16.03.2011 | LF1 | xxx V715s | 26404-10 | 25.06.2020 | 25.06.2020 | Préstamo en sala |
